Southville International School and Colleges
Your cart is empty.
  • Cart
  • Lists
    Public lists Eva Luna New books Lux_list list_1
    Your lists Log in to create your own lists
  • Log in to your account
  • Your cookies
  • Search history
Southville International School and Colleges
  • Advanced search
  • Recent comments
  • Most popular
  • Libraries

Log in to your account

Log in with GOOGLE


If you do not have an external account, but do have a local account, you can still log in:

  1. Home
  2. MARC view: Nature: facts, activities, fun /
Normal view MARC view ISBD view

Nature: facts, activities, fun / (Record no. 103854)

[ view plain ]
MARC details
000 -LEADER
fixed length control field 00528nam a2200181 a 4500
005 - DATE AND TIME OF LATEST TRANSACTION
control field 20140412111309.0
008 - FIXED-LENGTH DATA ELEMENTS--GENERAL INFORMATION
fixed length control field 010417s19uu xx 00 eng d
020 ## - INTERNATIONAL STANDARD BOOK NUMBER
International Standard Book Number 0-7496-1281-9
050 ## - LIBRARY OF CONGRESS CALL NUMBER
Classification number REF 574.5
Item number B87 1992
100 ## - MAIN ENTRY--PERSONAL NAME
Personal name Burgess, Lynne
245 ## - TITLE STATEMENT
Title Nature: facts, activities, fun /
Statement of responsibility, etc Lynne Burgess; illustrated by Patricia Papps.
260 ## - PUBLICATION, DISTRIBUTION, ETC. (IMPRINT)
Place of publication, distribution, etc London :
Name of publisher, distributor, etc Watts Books,
Date of publication, distribution, etc 1992.
300 ## - PHYSICAL DESCRIPTION
Extent 26p. ; ill.
440 ## - SERIES STATEMENT/ADDED ENTRY--TITLE
Title Start Exploring
650 ## - SUBJECT ADDED ENTRY--TOPICAL TERM
Topical term or geographic name as entry element Science activities
650 ## - SUBJECT ADDED ENTRY--TOPICAL TERM
Topical term or geographic name as entry element Owl mask, making
Holdings
Withdrawn status Lost status Damaged status Home library Current library Shelving location Date acquired Source of acquisition Cost, normal purchase price Total Checkouts Full call number Barcode Date last seen Price effective from Koha item type
      Elizalde Library Elizalde Library Reference Section 04/17/2001   325.00   REF 574.5 B87 1992 E6014 04/12/2014 04/12/2014 Books

Nature: facts, activities, fun /

APA

Burgess L., . (1992). Nature: facts, activities, fun. London: Watts Books.

Chicago

Burgess Lynne, . 1992. Nature: facts, activities, fun. London: Watts Books.

Harvard

Burgess L., . (1992). Nature: facts, activities, fun. London: Watts Books.

MLA

Burgess Lynne, . Nature: facts, activities, fun. London: Watts Books. 1992.

  • Place hold
  • Print
  • Cite
  • Add to your cart (remove)
  • Save record
    BIBTEX Dublin Core MARCXML MARC (non-Unicode/MARC-8) MARC (Unicode/UTF-8) MARC (Unicode/UTF-8, Standard) MODS (XML) RIS
  • More searches
    Search for this title in:
    Other Libraries (WorldCat) Other Databases (Google Scholar) Online Stores (Bookfinder.com) Open Library (openlibrary.org)

Exporting to Dublin Core...

SOUTHVILLE LIBRARY

Southville International School and Colleges Library

1281 Tropical Ave. Cor. Luxembourg St., BF Homes International, Las Pinas City

Tel. No. 8256374 / 252358 Loc. 117/146

Powered by Koha